000 00646nam a2200253Ia 4500
003 OSt
005 20221005092948.0
006 a|||||r|||| 00| 0
007 ta
008 221004b |||||||| |||| 00| 0 eng d
020 _a1572308095
024 _a79469
037 _cTextual
040 _aCRL
_cCRL
_beng
041 _2eng
_aeng
082 _aL:4:6g, P3
100 _aMalchiodi Cathy A Ed.
245 0 _aHandbook of art therapy
260 _aNew York
_bThe Guilford Press
_c2003
300 _a461p.
_ccm.
650 _aMEDICINE
942 _hL:4:6g, P3
_cTEXL
_2cc
999 _c999604
_d999604